Online Catalogue and eLibrary

The other half of the coconut : (Record no. 3374)

MARC details
000 -LEADER
fixed length control field 00505nam a2200169Ia 4500
005 - DATE AND TIME OF LATEST TRANSACTION
control field 20241129001933.0
008 - FIXED-LENGTH DATA ELEMENTS--GENERAL INFORMATION
fixed length control field 240331s9999 xx 000 0 und d
020 ## - INTERNATIONAL STANDARD BOOK NUMBER
ISBN 818670650X
082 ## - DDC Classification
Item Number - Author Mark OTH
Class No. 891
245 #4 - TITLE STATEMENT
Title The other half of the coconut :
Remainder of title Women Writing Self-Respect history-An anthology of Self-Respect Literature(1928-1936)
260 ## - PUBLICATION, DISTRIBUTION, ETC.
Place of publication, distribution, etc. New Delhi
Name of publisher, distributor, etc. Kali for Women
Date of publication, distribution, etc. 2003
300 ## - PHYSICAL DESCRIPTION
Extent (e.g. Volumes, Pages etc.) Xix, 198 p .,
650 ## - SUBJECT ADDED ENTRY--TOPICAL TERM
Topical term or geographic name entry element Self Respects
650 ## - SUBJECT ADDED ENTRY--TOPICAL TERM
Topical term or geographic name entry element Women
700 ## - ADDED ENTRY--PERSONAL NAME
Personal name Srilata, K.
Relator term (Role) Editor
942 ## - Koha item type (Biblio)
Koha item type Books in Stacks (Lending)
Holdings
Lost status Damaged status Collection code Home library Current library Shelving location Date acquired Full call number Accession Number Item type
    Lending WERC Library WERC Library Social Science Cupboard 03/31/2024 891.48 OTH 5482 Books in Stacks (Lending)

© WERC Library